Sinn und form (Record no. 31723)
[ view plain ]
| 000 -LEADER | |
|---|---|
| fixed length control field | 01509nam a2200349Ia 4500 |
| 100 1# - MAIN ENTRY--AUTHOR NAME | |
| Personal name | Parker, Stephen |
| 245 10 - TITLE STATEMENT | |
| Title | Sinn und form |
| 260 ## - PUBLICATION, DISTRIBUTION, ETC. (IMPRINT) | |
| Place of publication | New York : |
| Name of publisher | Walter de Gruyter, |
| Year of publication | c2009. |
| 300 ## - PHYSICAL DESCRIPTION | |
| Number of Pages | viii, 396 p. |
| 490 1# - SERIES STATEMENT | |
| Series statement | Interdisciplinary German cultural studies ; |
| 650 #0 - SUBJECT ADDED ENTRY--TOPICAL TERM | |
| Topical Term | German literature |
| Topical Term | German periodicals |
| Topical Term | Literature and society |
| 700 1# - ADDED ENTRY--PERSONAL NAME | |
| Personal name | Philpotts, Matthew, |
| 856 40 - ELECTRONIC LOCATION AND ACCESS | |
| Uniform Resource Identifier | http://site.ebrary.com/lib/rucke/Doc?id=10348543 |
No items available.
